MARC details
| 000 -CABECERA |
| campo de control de longitud fija |
00805nas a2200181 a 4500 |
| 005 - FECHA Y HORA DE LA ÚLTIMA TRANSACCIÓN |
| campo de control |
20241105105249.0 |
| 007 - CAMPO FIJO DE DESCRIPCIÓN FÍSICA--INFORMACIÓN GENERAL |
| campo de control de longitud fija |
ta |
| 008 - DATOS DE LONGITUD FIJA--INFORMACIÓN GENERAL |
| campo de control de longitud fija |
241024e2009 dr |||||r||||||0| | spa d |
| 040 ## - FUENTE DE LA CATALOGACIÓN |
| Centro catalogador/agencia de origen |
DO-SdBNP |
| Centro/agencia transcriptor |
BNPHU |
| Normas de descripción |
rda |
| 041 ## - CÓDIGO DE LENGUA |
| Código de lengua original |
spa |
| 100 ## - ENTRADA PRINCIPAL--NOMBRE DE PERSONA |
| Nombre de persona |
Rosario, Alba Judith de Del |
| 9 (RLIN) |
86758 |
| Término indicativo de función/relación |
autora |
| 245 ## - MENCIÓN DE TÍTULO |
| Título |
Acción joven / |
| Mención de responsabilidad, etc. |
Alba Judith de Del Rosario. |
| 260 ## - PUBLICACIÓN, DISTRIBUCIÓN, ETC. |
| Lugar de publicación, distribución, etc. |
La Vega, República Dominicana : |
| Nombre del editor, distribuidor, etc. |
Impresora Universal, |
| Fecha de publicación, distribución, etc. |
2009. |
| 300 ## - DESCRIPCIÓN FÍSICA |
| Extensión |
volumen : |
| Otras características físicas |
ilustraciones, fotografías, gráficas ; |
| Dimensiones |
28 cm. |
| 500 ## - NOTA GENERAL |
| Nota general |
Somos una organización sin fines de lucro, creada en el 2006, con experiencia en conectar personas jóvenes en situación de vulnerabilidad con oportunidades reales que les permitan transformar sus vidas. |
| 650 #0 - PUNTO DE ACCESO ADICIONAL DE MATERIA--TÉRMINO DE MATERIA |
| Término de materia o nombre geográfico como elemento de entrada |
Problemas sociales |
| 9 (RLIN) |
9290 |
| Subdivisión de forma |
Publicaciones periódicas |
| 942 ## - ELEMENTOS DE PUNTO DE ACCESO ADICIONAL (KOHA) |
| Fuente del sistema de clasificación o colocación |
Dewey Decimal Classification |
| Tipo de ítem Koha |
Publicación periódica |